Birds- Sudden Death - Statistics

General Stats
  • This quiz has been taken 177 times
  • The average score is 8 of 16
Answers on the Grid
Answers color-coded by a green-red scale on the quiz's grid according to % correct below.
Shrike
Ibis
Crane
Cassowary
Potoo
Kiwi
Kookaburra
Emu
Moa
Loon
Albatross
Cormorant
Kingfisher
Hornbill
Heron
Frogmouth
Cane Corso
Caracal
Speckled Padloper
Ermine
Mongoose
Marmoset
Golden Lion Tamarin
Impala
Greater Kudu
Lhasa Apso
Samoyed
Lacewing
Sugar Glider
Aye-aye
 
Answer Stats
Answer % Correct
Emu
69%
Kiwi
68%
Albatross
67%
Crane
65%
Heron
63%
Cassowary
59%
Hornbill
57%
Ibis
57%
Kingfisher
57%
Kookaburra
53%
Cormorant
51%
Loon
50%
Moa
46%
Shrike
37%
Frogmouth
26%
Potoo
22%
No matching quizzes found
Score Distribution
Percent of People with Each Score
Percentile by Number Answered
Your Score History
You have not taken this quiz